Censorship of the civil mails in Occupied Austria, 1945-1953 (Record no. 2020)

000 -LEADER
fixed length control field 00384nam a22000977a 4500
008 - FIXED-LENGTH DATA ELEMENTS--GENERAL INFORMATION
fixed length control field 160521b xxu||||| |||| 00| 0 eng d
100 ## - MAIN ENTRY--AUTHOR'S NAME
Author's Name Krueger, Richard A.
245 ## - TITLE STATEMENT
Title Censorship of the civil mails in Occupied Austria, 1945-1953
260 ## - PUBLICATION, DISTRIBUTION, ETC. (IMPRINT)
Place of publication, distribution, etc. Fort Washington, MD
Name of publisher, distributor, etc. R.A. Krueger
Date of publication, distribution, etc. 1989
650 ## - TOPICAL TERM (Tag)
Topical term or geographic name Allied Occupation | Austria | Censored Mail | 1945-1953 | Post World War II | Postal History
Holdings
Withdrawn status Lost status Source of classification or shelving scheme Damaged status Koha normalized classification for sorting Not for loan Permanent Location Current Location Date acquired Total Checkouts Full call number Barcode Date last seen Date last checked out Price effective from
        G6491 C396 K94   Northern Philatelic Library Northern Philatelic Library 05/21/2016 1 G6491 C396 K94 1002348 03/07/2020 01/20/2020 05/21/2016

Powered by Koha